Consumer Ethnocentrism in Slovakia: A Literature Review
Článok sa zaoberá konzumným etnocentrizmom na Slovensku. Cieľom prezentovaného článku je prezentácia a systematizácia dostupných vedeckých prác zameraných na konzumný etnocentrizmus v podmienkach Slovenska, ako aj skúmanie miery konzumného etnocentrizmu v čase.
Salvato in:
| Autore principale: | |
|---|---|
| Altri autori: | |
| Natura: | Capitolo di libro |
| Lingua: | inglese |
| Soggetti: | |
| Tags: |
Nessun Tag, puoi essere il primo ad aggiungerne!!
|
MARC
| LEADER | 00000naa a2200000 4500 | ||
|---|---|---|---|
| 001 | 0287713 | ||
| 005 | 20240502083918.6 | ||
| 041 | 0 | |a eng | |
| 044 | |a RO | ||
| 245 | 1 | 0 | |a Consumer Ethnocentrism in Slovakia: A Literature Review |c Kristína Korytinová, Dominika Vernerová |
| 520 | |a Článok sa zaoberá konzumným etnocentrizmom na Slovensku. Cieľom prezentovaného článku je prezentácia a systematizácia dostupných vedeckých prác zameraných na konzumný etnocentrizmus v podmienkach Slovenska, ako aj skúmanie miery konzumného etnocentrizmu v čase. | ||
| 610 | 2 | 0 | |a analýzy |
| 610 | 2 | 0 | |a literatúra |
| 610 | 2 | 0 | |a spotrebitelia |
| 610 | 2 | 0 | |a etnocentrizmus spotrebiteľský |
| 610 | 2 | 0 | |a tovar |
| 610 | 2 | 0 | |a ekonómia |
| 100 | 1 | |a Korytinová, Kristína, 1995- | |
| 700 | 1 | |a Vernerová, Dominika, 1994- | |